एक अरबी कहाणी (Record no. 418437)

MARC details
000 -LEADER
fixed length control field 00464nam a2200145Ia 4500
008 - FIXED-LENGTH DATA ELEMENTS--GENERAL INFORMATION
fixed length control field 100122s9999 xx 000 0 und d
082 ## - DEWEY DECIMAL CLASSIFICATION NUMBER
Item number 35043
Classification number 823
100 ## - MAIN ENTRY--PERSONAL NAME
Personal name कुलकर्णी जी ए
245 ## - TITLE STATEMENT
Title एक अरबी कहाणी
260 ## - PUBLICATION, DISTRIBUTION, ETC. (IMPRINT)
Name of publisher, distributor, etc विश्वमोहिनी प्रकाशन
Date of publication, distribution, etc 1983
300 ## - PHYSICAL DESCRIPTION
Extent 255
630 ## - SUBJECT ADDED ENTRY--UNIFORM TITLE
Uniform title एक अरबी कहाणी
730 ## - ADDED ENTRY--UNIFORM TITLE
Uniform title एक अरबी कहाणी
942 ## - ADDED ENTRY ELEMENTS (KOHA)
Koha item type Book
Holdings
Withdrawn status Lost status Damaged status Not for loan Home library Current library Date acquired Cost, normal purchase price Total Checkouts Full call number Barcode Date last seen Cost, replacement price Price effective from Koha item type Public note
        S.V. Pathak Library, Vile Parle S.V. Pathak Library, Vile Parle 10/25/1983 50.00   35043 SVPPARLE-35043 01/25/2010 50.00 01/25/2010 Book General NA